<A> második gazdaság ma - az átalakulás kérdöjelei.

Pozostatky plánovaného hospodárstva a štátneho riadenia - druhá ekonomika, čierne príjmy a práce. Ich likvidácia je možná len cez liberalizáciu súkromného sektoru. Masová nezamestnanosť v Maďarsku bude mať za dôsledok ďalšie daňové úniky cez čierne práce pre súkromný sektor. Nevyhnutnosť podchytenia...

Ausführliche Beschreibung

Gespeichert in:
Bibliographische Detailangaben
1. Verfasser: Gábor, R.I
Format: Buchkapitel
Sprache:Ungarisch
Schlagworte:
Tags: Tag hinzufügen
Keine Tags, Fügen Sie das erste Tag hinzu!

MARC

LEADER 00000naa a2200000 4500
001 r011063
005 20221125113717.6
041 0 |a hun 
044 |a HU 
245 1 0 |a <A> második gazdaság ma - az átalakulás kérdöjelei.  |c R.I. Gábor 
520 |a Pozostatky plánovaného hospodárstva a štátneho riadenia - druhá ekonomika, čierne príjmy a práce. Ich likvidácia je možná len cez liberalizáciu súkromného sektoru. Masová nezamestnanosť v Maďarsku bude mať za dôsledok ďalšie daňové úniky cez čierne práce pre súkromný sektor. Nevyhnutnosť podchytenia tohto javu štátnym aparátom - daňovými úradmi a finančnou kontrolou. 
610 2 0 |a hospodárstvo plánované 
610 2 0 |a hospodárstvo trhové 
610 2 0 |a transformácia 
610 2 0 |a ekonomika tieňová 
610 2 0 |a liberalizácia 
610 2 0 |a sektor súkromný 
610 2 0 |a nezamestnanosť 
610 2 0 |a kontrola finančná 
610 2 0 |a úrady daňové 
610 2 0 |a MR 
610 2 0 |a únik daňový 
100 1 |a Gábor, R.I.